000 01856nam a22004577a 4500
001 13346286
005 20090120111545.0
008 030917c19939999sw qr p o 0 a0eng d
010 _a 2003200774
022 _a1103-3088
035 _a(OCoLC)ocm51835934
037 _bSage Publications, 6 Bonhill St., London EC2A 4PU, UK
037 _bSage Publications, PO Box 5096, Thousand Oaks, CA 91359, USA
040 _aUkOxU
_cUkOxU
_dDLC
_dOCoLC
_dDLC
_dNSDP
_dOCoLC
042 _alc
043 _aev-----
050 _aHQ796
_b.Y5815
130 _aYoung (Stockholm, Sweden)
210 _aYoung
_b(Stockh. 1993)
222 _aYoung
_b(Stockholm. 1993)
245 _aYoung :
_bNordic journal of youth research.
246 _aNordic journal of youth research
260 _aStockholm :
_bTidskriftsföreningen Young ;
_aNew Delhi :
_bSage
300 _av. :
_bill. ;
_c24 cm.
310 _aQuarterly
362 _aBegan in 1993.
500 _a"Forms part of the network of Nordic Youth Research Information (NYRI)."
500 _aPublisher and place of publication vary.
500 _aDescription based on: Vol. 4, no. 1 (Feb. 1996); title from cover.
500 _aLatest issue consulted: Vol. 11, no. 4 (Nov. 2003).
530 _aAlso issued online.
650 _aYouth
_vPeriodicals.
650 _aYouth
_zScandinavia
_vPeriodicals.
710 _aNordic Youth Research Information (Organization)
776 _tYoung (Stockholm, Sweden : Online)
_x1552-8480
_w(DLC) 2004215764
_w(OCoLC)55104073
906 _a7
_bcbc
_cserials
_d2
_encip
_f20
_gn-oclcserc
942 _2ddc
_cSR
_s1
999 _c21562
_d21562